Software testing concepts and practices
This is book introduction about software testing fundamentals, software testability, static testing, black box testing, white box testing, software testing strategies, planning for software testing...
Сохранить в:
| Главный автор: | |
|---|---|
| Формат: | |
| Язык: | Undetermined |
| Опубликовано: |
Oxford, U.K
Alpha Science International
2007
|
| Предметы: | |
| Метки: |
Добавить метку
Нет меток, Требуется 1-ая метка записи!
|
| Thư viện lưu trữ: | Trung tâm Học liệu Trường Đại học Cần Thơ |
|---|
| LEADER | 00795nam a2200205Ia 4500 | ||
|---|---|---|---|
| 001 | CTU_151616 | ||
| 008 | 210402s9999 xx 000 0 und d | ||
| 082 | |a 005.14 | ||
| 082 | |b M991 | ||
| 100 | |a Mustata, K. | ||
| 245 | 0 | |a Software testing concepts and practices | |
| 245 | 0 | |c K. Mustata, R. A. Khan | |
| 260 | |a Oxford, U.K | ||
| 260 | |b Alpha Science International | ||
| 260 | |c 2007 | ||
| 520 | |a This is book introduction about software testing fundamentals, software testability, static testing, black box testing, white box testing, software testing strategies, planning for software testing... | ||
| 650 | |a Computer software,Phần mềm máy tính | ||
| 650 | |x Testing,Thử nghiệm | ||
| 904 | |i QHiếu | ||
| 980 | |a Trung tâm Học liệu Trường Đại học Cần Thơ | ||